| 000 | 01122nam a22003015a 4500 | ||
|---|---|---|---|
| 008 | 080908t2007 njua frb 001 0 eng d | ||
| 010 | _a 2006042020 | ||
| 020 | _a0471749559 (cloth : set) | ||
| 020 | _a9780471749554 | ||
| 035 | _a(OCoLC)ocm62532786 | ||
| 040 |
_aEG-ScBUE _beng _cEG-ScBUE |
||
| 082 | 0 | 4 |
_a657.044 _bKIE |
| 100 | 1 | _aKieso, Donald E. | |
| 245 | 1 | 0 |
_aIntermediate accounting / _cDonald E. Kieso, Jerry J. Weygandt, Terry D. Warfield. |
| 250 | _a12th ed. | ||
| 260 |
_aHoboken, New Jersey : _bWiley & Sons , _cc. 2007. |
||
| 300 |
_a[Various Pagings] : _bill. (chiefly col.) ; _c29 cm. |
||
| 504 | _aIncludes bibliographical references and index. | ||
| 590 | _aMohamed Hussein | ||
| 650 | 0 |
_aAccounting. _2BUEsh |
|
| 651 | _2BUEsh | ||
| 653 |
_bBUSECO _cAugust2015 |
||
| 700 | 1 |
_aWeygandt, Jerry J. _91078 |
|
| 700 | 1 |
_aWarfield, Terry D. _99037 |
|
| 856 | 4 | 2 |
_3Publisher description _uhttp://www.loc.gov/catdir/enhancements/fy0645/2006042020-d.html |
| 856 | 4 | 2 |
_3Table of contents only _uhttp://www.loc.gov/catdir/enhancements/fy0645/2006042020-t.html |
| 942 |
_cBB _k657.044KIE _2ddc |
||
| 999 |
_c5260 _d5260 |
||